000 00510nam a2200181Ia 4500
999 _c28303
_d28303
003 OSt
005 20201112093913.0
008 190216s9999||||xx |||||||||||||| ||und||
020 _a9788130002392
040 _coclc
082 _a894.8123
_bSAS/M
100 _aSaseendran, Shailaja
_96492
245 0 _aMizhineermazha /
_cShailaja Saseendran
260 _bPoorna Pubs,
_c2005.
_a Kozhikode:
300 _a132p
650 _aNovel
942 _cBK
_2ddc
_h894.8123
_iSAS/M
_k894.8123
_mSAS/M